=LDR 00000nam 2200000 4500 =001 INLIS000000000043709 =005 20201001074529 =035 ##$$a 0010-101300000001631 =008 201001################g##########0#ind## =041 ##$$a Ind =082 ##$$a 301 =090 ##$$a 301, Man s =100 ##$$a Manheim, Karl =245 1#$$a Sosiologi Sistematis : $b Suatu Pengantar Studi tentang Masyarakat /$c Karl Manheim ; Penerjemah, Alimandan =260 ##$$a Jakarta :$b Bina Aksara,$c 1987 =300 ##$$a xxx, 187 hlm. ; $c 20 x 14 cm. =650 #4$$a Sosiologi =700 #$$a Alimandan =850 ##$$a NBPNMAT =084 ##$$a 301 MAN s =250 ##$$a cet. 1 =520 ##$$a Bibliografi hlm. 169-184 =990 ##$$a 166.503/hd-2001 =990 ##$$a 08230823